00362nam a2200133Ia 4500008004100000041000800041082001600049100002200065245004500087250001400132260004400146300003100190365000700221240624s9999 xx 000 0 und d aeng a519.535 JOH aJOHNSON RICHARD J aAPPLIED MULTIVARIATE STATISTICAL ANALYSI a(3rd ed.) c2003aNew DelhibPrentice-Hall of India axiv, : 642 : p. : cm. ; 24 cRS